[Event "OLNN 1920 SK Doppelbauer Kiel - SV Diag"]
[Site "?"]
[Date "2019.10.20"]
[Round "2.7"]
[White "Holst, Marten"]
[Black "Buchholz, Sebastian"]
[Result "0-1"]
[WhiteElo "1937"]
[BlackElo "2161"]
[PlyCount "32"]
[EventDate "2019.??.??"]

1. b3 e5 2. Bb2 Nc6 3. e3 d5 4. Bb5 Bd6 5. f4 Qe7 6. Nf3 f6 7. fxe5 fxe5 8.
Bxc6+ bxc6 9. Nxe5 Qh4+ 10. g3 Qh3 11. Qf3 Nf6 12. Nxc6 Bg4 13. Qf1 Qh6 14.
Bxf6 O-O 15. Qg2 Qxf6 16. Nd4 Qxd4 0-1

[Event "OLNN 1920 SC Diogenes - Lübecker SV"]
[Site "?"]
[Date "2019.10.20"]
[Round "2.1"]
[White "Kalinitschew, Sergey"]
[Black "Hochgraefe, Markus"]
[Result "1/2-1/2"]
[WhiteElo "2437"]
[BlackElo "2415"]
[PlyCount "36"]
[EventDate "2019.??.??"]

1. d4 d5 2. c4 c6 3. Nc3 Nf6 4. cxd5 cxd5 5. Bf4 Nc6 6. e3 a6 7. Bd3 Bg4 8.
Nge2 e6 9. Rc1 Be7 10. O-O O-O 11. Bg3 Rc8 12. f3 Bh5 13. Nf4 Bg6 14. Bxg6 hxg6
15. Nd3 Nd7 16. Qe2 Re8 17. Rfd1 Nb4 18. Nf4 g5 1/2-1/2

[Event "OLNN 1920 SC Diogenes - Lübecker SV"]
[Site "?"]
[Date "2019.10.20"]
[Round "2.2"]
[White "Schulenburg, Fabian"]
[Black "Svane, Frederik"]
[Result "0-1"]
[WhiteElo "2291"]
[BlackElo "2360"]
[PlyCount "86"]
[EventDate "2019.??.??"]

1. e4 c5 2. Nf3 g6 3. d4 cxd4 4. Nxd4 Bg7 5. Nc3 Nc6 6. Be3 Nf6 7. Bc4 O-O 8.
Bb3 Re8 9. O-O d6 10. h3 Na5 11. Re1 a6 12. Qf3 b5 13. Rad1 Bb7 14. Nd5 Nxb3
15. axb3 Nxd5 16. exd5 Rc8 17. Rc1 e5 18. Nc6 Bxc6 19. dxc6 e4 20. Qd1 Bxb2 21.
Bd4 Bxc1 22. Qxc1 Qh4 23. Re3 Rxc6 24. c3 Qf4 25. Qa3 d5 26. Rg3 Qd6 27. Qc1 b4
28. Qh6 Qf8 29. Qg5 bxc3 30. Rxc3 Qd6 31. Qh6 f6 32. Rg3 Qb4 33. Rxg6+ hxg6 34.
Qxg6+ Kf8 35. Bxf6 Ree6 36. Bg7+ Kg8 37. Bf6+ Kf8 38. Bg7+ Ke7 39. Qf5 Qb8 40.
g3 e3 41. Qg5+ Kf7 42. Bd4 exf2+ 43. Kxf2 Qxb3 0-1

[Event "OLNN 1920 SC Diogenes - Lübecker SV"]
[Site "?"]
[Date "2019.10.20"]
[Round "2.3"]
[White "Riess, Alexander"]
[Black "Schulenburg, Torben"]
[Result "1-0"]
[WhiteElo "2313"]
[BlackElo "2162"]
[PlyCount "55"]
[EventDate "2019.??.??"]

1. d4 Nf6 2. c4 g6 3. Nc3 d5 4. Nf3 Bg7 5. cxd5 Nxd5 6. e4 Nxc3 7. bxc3 c5 8.
Be3 Qa5 9. Qd2 cxd4 10. cxd4 Qxd2+ 11. Kxd2 O-O 12. Bb5 Rd8 13. Rhc1 Nc6 14.
Bxc6 bxc6 15. Ke1 Ba6 16. Ne5 Rd6 17. Rc5 Re6 18. Ra5 Bb5 19. a4 Bxe5 20. axb5
Bd6 21. Rxa7 Rxa7 22. Rxa7 cxb5 23. e5 Bb4+ 24. Kd1 Rb6 25. Kc2 e6 26. d5 Rb8
27. d6 f6 28. Kb3 1-0

[Event "OLNN 1920 SC Diogenes - Lübecker SV"]
[Site "?"]
[Date "2019.10.20"]
[Round "2.4"]
[White "Mach, Holger"]
[Black "Christ, Ralf"]
[Result "1/2-1/2"]
[WhiteElo "2233"]
[BlackElo "2264"]
[PlyCount "36"]
[EventDate "2019.??.??"]

1. e4 e5 2. Bc4 Nc6 3. Nf3 Bc5 4. O-O Nf6 5. d3 a6 6. c3 Ba7 7. h3 d6 8. a4 h6
9. Re1 O-O 10. Nbd2 Be6 11. Bxe6 fxe6 12. Nf1 Nh5 13. Be3 Nf4 14. Bxa7 Rxa7 15.
d4 Qf6 16. Kh2 Raa8 17. Ne3 g5 18. Ng4 Qg7 1/2-1/2

[Event "OLNN 1920 SC Diogenes - Lübecker SV"]
[Site "?"]
[Date "2019.10.20"]
[Round "2.5"]
[White "Poghosyan, Tigran"]
[Black "Laqua, Christian"]
[Result "1/2-1/2"]
[WhiteElo "2125"]
[BlackElo "2115"]
[PlyCount "119"]
[EventDate "2019.??.??"]

1. e4 Nf6 2. Nc3 d5 3. exd5 Nxd5 4. Nf3 Bg4 5. Bc4 e6 6. O-O Be7 7. h3 Bh5 8.
Bxd5 exd5 9. g4 Bg6 10. d4 Nc6 11. Re1 Qd7 12. Ne5 Nxe5 13. dxe5 d4 14. Ne2 d3
15. cxd3 Qxd3 16. Qa4+ b5 17. Qa6 O-O 18. Be3 Bb4 19. Nf4 Qe4 20. Red1 Qf3 21.
Nxg6 hxg6 22. Kh2 Rad8 23. Rxd8 Rxd8 24. Qxb5 Bd2 25. Qc5 Rd5 26. Qxa7 c5 27.
Qa3 Bxe3 28. Qxe3 Qxe3 29. fxe3 Rxe5 30. Re1 f5 31. Kg3 Re4 32. Kf3 Rb4 33. Re2
Kf7 34. g5 Rh4 35. Kg3 Re4 36. Kf3 Rh4 37. Rc2 Rxh3+ 38. Kf4 c4 39. Ke5 Rxe3+
40. Kd4 Re4+ 41. Kd5 Rg4 42. Rxc4 Rxg5 43. Kc6 Rg2 44. b4 Rxa2 45. b5 Rb2 46.
b6 g5 47. Rc5 f4 48. b7 f3 49. Rf5+ Kg6 50. Rxf3 g4 51. Rf8 Kg5 52. b8=Q Rxb8
53. Rxb8 g3 54. Kd5 g2 55. Rb1 Kf4 56. Rg1 Kf3 57. Ke5 g5 58. Kf5 g4 59. Rxg2
Kxg2 60. Kxg4 1/2-1/2

[Event "OLNN 1920 SC Diogenes - Lübecker SV"]
[Site "?"]
[Date "2019.10.20"]
[Round "2.6"]
[White "Gottuk, Stefan"]
[Black "Lampe, Dirk"]
[Result "1-0"]
[WhiteElo "2116"]
[BlackElo "2153"]
[PlyCount "137"]
[EventDate "2019.??.??"]

1. d4 Nf6 2. Bf4 g6 3. Nc3 d5 4. e3 c6 5. Be2 Qb6 6. Na4 Qa5+ 7. c3 Nbd7 8. b4
Qd8 9. Qb3 Bg7 10. Nf3 Ne4 11. c4 e6 12. Nb2 O-O 13. a4 g5 14. Bg3 f5 15. Be5
Nxe5 16. Nxe5 Bxe5 17. dxe5 dxc4 18. Nxc4 b5 19. Nd6 Nxd6 20. Rd1 bxa4 21. Qxa4
Qb6 22. Rxd6 a5 23. Rxc6 Qxb4+ 24. Qxb4 axb4 25. O-O Rb8 26. Rb1 b3 27. Rc3 Rd8
28. Rcxb3 Rxb3 29. Rxb3 Rd2 30. Kf1 Rc2 31. f4 g4 32. Rb4 Bd7 33. Rc4 Rb2 34.
Rc7 Bb5 35. Bxb5 Rxb5 36. Re7 Rb6 37. Kf2 h6 38. h3 gxh3 39. gxh3 Ra6 40. Kg3
Rb6 41. Kh4 Kf8 42. Rh7 Rb3 43. Rxh6 Kf7 44. Kg5 Rxe3 45. Rh7+ Kg8 46. Re7 Rg3+
47. Kf6 Rf3 48. Re8+ Kh7 49. Kxe6 Rxf4 50. Rf8 Kg7 51. Rxf5 Ra4 52. Rf7+ Kg6
53. Rd7 Re4 54. Rd3 Kg7 55. Rg3+ Kf8 56. Rg4 Re1 57. h4 Re2 58. h5 Rh2 59. Rf4+
Kg7 60. Ke7 Ra2 61. Rg4+ Kh6 62. e6 Kxh5 63. Rg3 Re2 64. Kf7 Rf2+ 65. Ke8 Kh6
66. e7 Rd2 67. Rg4 Kh5 68. Rg7 Kh6 69. Rf7 1-0

[Event "OLNN 1920 SC Diogenes - Lübecker SV"]
[Site "?"]
[Date "2019.10.20"]
[Round "2.7"]
[White "Frohberg, Marco"]
[Black "Apitzsch, Leon Fabian"]
[Result "1-0"]
[WhiteElo "2204"]
[BlackElo "1963"]
[PlyCount "81"]
[EventDate "2019.??.??"]

1. e4 c5 2. Nf3 e6 3. c3 Nf6 4. e5 Nd5 5. Bc4 Nb6 6. Bb3 c4 7. Bc2 d5 8. O-O
Nc6 9. d4 Be7 10. Re1 Bd7 11. b3 Qc7 12. Ng5 Bxg5 13. Bxg5 h6 14. Bc1 O-O-O 15.
Ba3 Be8 16. Nd2 Na5 17. Bb4 Nc6 18. Bd6 Rxd6 19. exd6 Qxd6 20. bxc4 Nxc4 21.
Nxc4 dxc4 22. Qe2 Na5 23. Qe5 Qxe5 24. Rxe5 b6 25. d5 exd5 26. Rae1 Bd7 27.
Rxd5 Re8 28. Rxe8+ Bxe8 29. Kf1 Kc7 30. Re5 Kd8 31. Ke2 Nc6 32. Rd5+ Ke7 33.
Ba4 Nd4+ 34. Rxd4 Bxa4 35. Ke3 b5 36. Re4+ Kd6 37. Kd4 f6 38. a3 a5 39. h4 g5
40. hxg5 fxg5 41. Re5 1-0

[Event "OLNN 1920 SC Diogenes - Lübecker SV"]
[Site "?"]
[Date "2019.10.20"]
[Round "2.8"]
[White "Kilic, Oguz"]
[Black "Krause, Ullrich"]
[Result "1/2-1/2"]
[WhiteElo "2026"]
[BlackElo "2208"]
[PlyCount "35"]
[EventDate "2019.??.??"]

1. e4 e6 2. Nc3 d5 3. g3 dxe4 4. Nxe4 Bd7 5. Bg2 Bc6 6. f3 e5 7. Ne2 f5 8. Nf2
Bc5 9. Nd3 Bd6 10. Nc3 Nf6 11. Qe2 O-O 12. b3 Nbd7 13. Bb2 Qe7 14. O-O-O Ba3
15. Rhe1 Rae8 16. Nf2 Bxb2+ 17. Kxb2 Qd6 18. Kb1 1/2-1/2

[Event "OLNN 1920 SK Norderstedt - Hamburger SK"]
[Site "?"]
[Date "2019.10.20"]
[Round "2.1"]
[White "Gaede, Derek"]
[Black "Kopylov, Michael"]
[Result "0-1"]
[WhiteElo "2281"]
[BlackElo "2398"]
[PlyCount "86"]
[EventDate "2019.??.??"]

1. d4 Nf6 2. Nf3 g6 3. c4 c5 4. d5 b5 5. Qc2 Bg7 6. e4 bxc4 7. Bxc4 d6 8. O-O
O-O 9. Nc3 Ba6 10. Bxa6 Nxa6 11. Rd1 Nd7 12. Qe2 Qa5 13. Bf4 Bxc3 14. bxc3 f6
15. Rab1 Rab8 16. h4 Rxb1 17. Rxb1 Rb8 18. Rxb8+ Naxb8 19. Qb2 Nb6 20. c4 N8d7
21. Nd2 Qa4 22. Qb3 Qxb3 23. axb3 a5 24. Kf1 a4 25. bxa4 Nxa4 26. Nb3 Ndb6 27.
Na5 Nb2 28. Ke2 N2xc4 29. Nxc4 Nxc4 30. Kd3 Ne5+ 31. Ke3 Kf7 32. f3 e6 33.
dxe6+ Kxe6 34. Bh6 f5 35. Bf8 fxe4 36. fxe4 Ng4+ 37. Kd3 Ke5 38. Ke2 Kxe4 39.
Bxd6 c4 40. Bb4 Ne3 41. g3 h5 42. Kf2 Nf5 43. Kg2 Nd4 0-1

[Event "OLNN 1920 SK Norderstedt - Hamburger SK"]
[Site "?"]
[Date "2019.10.20"]
[Round "2.2"]
[White "Trent, Lawrence"]
[Black "Groetzbach, Julian"]
[Result "1-0"]
[WhiteElo "2383"]
[BlackElo "2237"]
[PlyCount "69"]
[EventDate "2019.??.??"]

1. e4 e5 2. Nf3 Nc6 3. Bb5 a6 4. Ba4 d6 5. c3 Bd7 6. d4 g6 7. O-O Bg7 8. dxe5
dxe5 9. Bg5 Nf6 10. Nbd2 Qe7 11. Re1 h6 12. Bh4 O-O 13. Bxc6 Bxc6 14. Nc4 Qe6
15. Bxf6 Bxf6 16. Na5 Be8 17. Qb3 Bc6 18. Qxe6 fxe6 19. Nxc6 bxc6 20. Rad1 Rfd8
21. Kf1 Kf7 22. Nd2 Ke7 23. Nc4 Rxd1 24. Rxd1 Rd8 25. Rxd8 Kxd8 26. Ke2 Kd7 27.
Kd3 c5 28. Na5 Be7 29. Kc4 Kd6 30. a4 Kd7 31. Nb3 Kc6 32. a5 Bf8 33. Nc1 Be7
34. Nd3 Bd6 35. b3 1-0

[Event "OLNN 1920 SK Norderstedt - Hamburger SK"]
[Site "?"]
[Date "2019.10.20"]
[Round "2.3"]
[White "Spiric, Igor"]
[Black "Powierski, Emil"]
[Result "1/2-1/2"]
[WhiteElo "2264"]
[BlackElo "2303"]
[PlyCount "56"]
[EventDate "2019.??.??"]

1. Nf3 Nf6 2. b3 c5 3. Bb2 e6 4. e3 b6 5. Be2 Bb7 6. c4 Be7 7. O-O O-O 8. d4
cxd4 9. Nxd4 Nc6 10. Bf3 Qc7 11. Nxc6 Bxc6 12. Nc3 Rfd8 13. Rc1 Qb7 14. Bxc6
dxc6 15. Qe2 Rd7 16. Rfd1 Rad8 17. Rxd7 Rxd7 18. Rd1 Rxd1+ 19. Qxd1 Qd7 20.
Qxd7 Nxd7 21. Ne2 c5 22. e4 Kf8 23. f3 Bd6 24. f4 f5 25. exf5 exf5 26. g3 Be7
27. Kf2 Kf7 28. Kf3 Bf6 1/2-1/2

[Event "OLNN 1920 SK Norderstedt - Hamburger SK"]
[Site "?"]
[Date "2019.10.20"]
[Round "2.4"]
[White "Hagenstein, Frank"]
[Black "Poeck, Ole"]
[Result "1/2-1/2"]
[WhiteElo "2246"]
[BlackElo "2262"]
[PlyCount "34"]
[EventDate "2019.??.??"]

1. d4 d5 2. Nf3 Nf6 3. c4 c6 4. e3 e6 5. b3 Nbd7 6. Bd3 Bd6 7. Bb2 O-O 8. O-O
Re8 9. Nbd2 e5 10. e4 dxe4 11. Nxe4 Nxe4 12. Bxe4 exd4 13. Qxd4 Nf6 14. Bxh7+
Kxh7 15. Rad1 Bxh2+ 16. Nxh2 Qxd4 17. Bxd4 Bf5 {(=)} 1/2-1/2

[Event "OLNN 1920 SK Norderstedt - Hamburger SK"]
[Site "?"]
[Date "2019.10.20"]
[Round "2.5"]
[White "Woelk, Tom-Frederic"]
[Black "Michna, Christian"]
[Result "1-0"]
[WhiteElo "2255"]
[BlackElo "2239"]
[PlyCount "85"]
[EventDate "2019.??.??"]

1. d4 c5 2. d5 d6 3. c4 g6 4. Nc3 Bg7 5. e4 e6 6. f4 Ne7 7. Nf3 exd5 8. cxd5
O-O 9. Be2 Bg4 10. O-O Nd7 11. Be3 Rb8 12. Nd2 Bxe2 13. Qxe2 f5 14. Rad1 fxe4
15. Ndxe4 Nf5 16. Bf2 Re8 17. Qd3 Nf8 18. Ng5 b5 19. Nxb5 a6 20. Na7 Rxb2 21.
g4 Nd4 22. Nc6 Qd7 23. h3 Ree2 24. Ne4 h5 25. Rde1 c4 26. Qg3 Rxe1 27. Rxe1
Ne2+ 28. Rxe2 Rxe2 29. Qf3 Rxa2 30. f5 hxg4 31. hxg4 gxf5 32. gxf5 c3 33. f6 c2
34. Ne7+ Qxe7 35. fxe7 c1=Q+ 36. Kg2 Ra3 37. Qg4 Kf7 38. e8=Q+ Kxe8 39. Qxg7
Nd7 40. Qg8+ Ke7 41. Bh4+ Nf6 42. Bxf6+ Kd7 43. Qd8# 1-0

[Event "OLNN 1920 SK Norderstedt - Hamburger SK"]
[Site "?"]
[Date "2019.10.20"]
[Round "2.6"]
[White "Zierke, Oliver"]
[Black "Bracker, Arne"]
[Result "1/2-1/2"]
[WhiteElo "2224"]
[BlackElo "2224"]
[PlyCount "35"]
[EventDate "2019.??.??"]

1. d4 Nf6 2. Nf3 d5 3. c4 e6 4. Nc3 Bb4 5. Bg5 h6 6. Bxf6 Qxf6 7. e3 O-O 8. Qb3
c5 9. a3 dxc4 10. Bxc4 cxd4 11. axb4 dxc3 12. bxc3 b6 13. O-O Bb7 14. Be2 Nc6
15. Rfd1 Rfd8 16. c4 Rxd1+ 17. Rxd1 Rd8 18. Re1 1/2-1/2

[Event "OLNN 1920 SK Norderstedt - Hamburger SK"]
[Site "?"]
[Date "2019.10.20"]
[Round "2.7"]
[White "Bente, Bjoern"]
[Black "Meyer, Falko"]
[Result "1/2-1/2"]
[WhiteElo "2244"]
[BlackElo "2202"]
[PlyCount "41"]
[EventDate "2019.??.??"]

1. d4 d5 2. Nf3 c6 3. c4 Nf6 4. e3 a6 5. Nc3 b5 6. cxd5 cxd5 7. Bd3 g6 8. O-O
Bg7 9. Bd2 O-O 10. Ne5 Bb7 11. Qc2 Nbd7 12. Nxd7 Qxd7 13. Rfc1 Rfc8 14. Qb3 Ne4
15. Be1 Nxc3 16. Bxc3 Bc6 17. Ba5 e5 18. dxe5 Bxe5 19. Bc3 d4 20. Bxd4 Bxd4 21.
exd4 {(=)} 1/2-1/2

[Event "OLNN 1920 SK Norderstedt - Hamburger SK"]
[Site "?"]
[Date "2019.10.20"]
[Round "2.8"]
[White "Bohnsack, Ralf"]
[Black "Bach, Matthias"]
[Result "1/2-1/2"]
[WhiteElo "2154"]
[BlackElo "2227"]
[PlyCount "60"]
[EventDate "2019.??.??"]

1. d4 Nf6 2. Nf3 c5 3. d5 b5 4. c4 e6 5. Bg5 Qb6 6. Bxf6 gxf6 7. e4 Rg8 8. Nbd2
Ba6 9. cxb5 Bxb5 10. Qb3 Bxf1 11. Kxf1 Na6 12. g3 Rb8 13. Kg2 Rg4 14. h3 Rg6
15. Rhe1 Qc7 16. Qc3 Bd6 17. e5 fxe5 18. Nxe5 Bxe5 19. Rxe5 d6 20. Rh5 Qb7 21.
Kg1 e5 22. Rxh7 Qxb2 23. Qxb2 Rxb2 24. Nc4 Rb4 25. Ne3 Nc7 26. h4 Kf8 27. Rh8+
Rg8 28. Rh6 Rg6 29. Rh8+ Rg8 30. Rh6 Rg6 1/2-1/2

[Event "OLNN 1920 SF Schwerin - SC Königssprin"]
[Site "?"]
[Date "2019.10.20"]
[Round "2.1"]
[White "Pfreundt, Jakob"]
[Black "Horvath, Csaba"]
[Result "1/2-1/2"]
[WhiteElo "2413"]
[BlackElo "2503"]
[PlyCount "64"]
[EventDate "2019.??.??"]

1. d4 Nf6 2. c4 e6 3. Nc3 Bb4 4. e3 O-O 5. Nge2 d5 6. a3 Bd7 7. cxd5 exd5 8.
Nf4 c6 9. Bd3 Na6 10. O-O Nc7 11. Bd2 Ne6 12. Nce2 Ne4 13. Be1 Bd6 14. f3 N4g5
15. Bg3 Re8 16. Qd2 h6 17. Rae1 Bc7 18. Nh5 Bxg3 19. Nhxg3 Nc7 20. Bb1 Nh7 21.
Nf4 Nf8 22. Nd3 Nb5 23. Ne5 Nd6 24. e4 Be6 25. Qf2 f6 26. exd5 Bxd5 27. Ng6
Nxg6 28. Bxg6 Bf7 29. Bxf7+ Nxf7 30. Rxe8+ Qxe8 31. Re1 Qd7 32. Ne4 b6 1/2-1/2

[Event "OLNN 1920 SF Schwerin - SC Königssprin"]
[Site "?"]
[Date "2019.10.20"]
[Round "2.2"]
[White "Horvath, Jozsef"]
[Black "Schmidt, Jan-Peter"]
[Result "1/2-1/2"]
[WhiteElo "2450"]
[BlackElo "2242"]
[PlyCount "120"]
[EventDate "2019.??.??"]

1. Nf3 f5 2. d4 Nf6 3. g3 g6 4. Bg2 Bg7 5. O-O O-O 6. Nbd2 Nc6 7. Re1 d6 8. e4
fxe4 9. Nxe4 Nxe4 10. Rxe4 Bf5 11. Re1 Bg4 12. c3 Qd7 13. Qb3+ Kh8 14. Ng5 e5
15. d5 Nd8 16. f3 h6 17. fxg4 hxg5 18. Qc2 Qxg4 19. Qxg6 Qf5 20. Qxf5 Rxf5 21.
Be4 Rf8 22. Bxg5 Nf7 23. Be7 Rfe8 24. Bh4 Bh6 25. Bf6+ Bg7 26. Rf1 Bxf6 27.
Rxf6 Re7 28. Raf1 Ng5 29. Rh6+ Kg8 30. Bf5 e4 31. Kg2 Rae8 32. h4 Nf3 33. Re6
Rxe6 34. Bxe6+ Kg7 35. Kf2 Kf6 36. Ke3 Ke5 37. Bg4 Rg8 38. Bxf3 Rxg3 39. h5 Rh3
40. Rh1 Rxf3+ 41. Ke2 Kxd5 42. h6 Rf8 43. h7 Rh8 44. Ke3 Ke5 45. Rh5+ Kf6 46.
Kxe4 Kg6 47. Rh2 Rxh7 48. Rxh7 Kxh7 49. Kf5 d5 50. b4 c6 51. a4 Kg7 52. Ke6 Kg6
53. b5 cxb5 54. axb5 a5 55. bxa6 bxa6 56. Kxd5 Kf6 57. Kd6 a5 58. Kc5 Ke6 59.
Kb5 Kd6 60. Kxa5 Kc5 1/2-1/2

[Event "OLNN 1920 SF Schwerin - SC Königssprin"]
[Site "?"]
[Date "2019.10.20"]
[Round "2.3"]
[White "Borgmeyer, Max"]
[Black "Schulz, Karsten"]
[Result "1/2-1/2"]
[WhiteElo "2178"]
[BlackElo "2272"]
[PlyCount "80"]
[EventDate "2019.??.??"]

1. e4 d6 2. d4 Nf6 3. Nc3 e5 4. dxe5 dxe5 5. Qxd8+ Kxd8 6. Nf3 Bd6 7. Bg5 Be6
8. O-O-O Nbd7 9. Bb5 Kc8 10. a3 a6 11. Be2 h6 12. Bh4 Re8 13. h3 b6 14. g4 Nc5
15. Nd2 Kb7 16. f3 b5 17. Bf2 Ncd7 18. Nb3 Bxb3 19. cxb3 Bc5 20. Bg3 Rad8 21.
Kc2 Bd4 22. Bd3 Nc5 23. b4 Ne6 24. Ne2 Nd7 25. Kb1 Be3 26. Bc2 Nd4 27. Nxd4
Bxd4 28. Bb3 f6 29. Be1 c6 30. Bc3 Bxc3 31. bxc3 Nb6 32. Kc2 Kc7 33. Rxd8 Rxd8
34. Rd1 Rxd1 35. Kxd1 Kd6 36. Kd2 Nd7 37. c4 Nf8 38. c5+ Kd7 39. h4 Ke7 40. h5
Kd7 1/2-1/2

[Event "OLNN 1920 SF Schwerin - SC Königssprin"]
[Site "?"]
[Date "2019.10.20"]
[Round "2.4"]
[White "Reichmann, Hendrik"]
[Black "Langmann, Markus"]
[Result "1-0"]
[WhiteElo "2341"]
[BlackElo "2078"]
[PlyCount "81"]
[EventDate "2019.??.??"]

1. c4 e5 2. g3 Nc6 3. Bg2 Bc5 4. Nc3 a6 5. e3 d6 6. Nge2 Bg4 7. h3 Bh5 8. d4
Bb6 9. O-O Nge7 10. Nd5 Nxd5 11. cxd5 Ne7 12. g4 Bg6 13. f4 f6 14. Qb3 exd4 15.
exd4 f5 16. a4 a5 17. Be3 Qd7 18. g5 Bf7 19. Nc3 h6 20. Rae1 O-O 21. h4 Bh5 22.
Kh2 hxg5 23. hxg5 Kf7 24. Bg1 Rh8 25. Kg3 Bg4 26. Re6 Ng6 27. Rfe1 Rh5 28. Nb5
Qd8 29. Re8 Qxe8 30. Nxd6+ cxd6 31. Rxe8 Rxe8 32. Qxb6 Re1 33. Qxd6 Rxg1 34.
Qe6+ Kf8 35. Qxg6 Rd1 36. Qd6+ Ke8 37. Qe6+ Kd8 38. d6 Rd3+ 39. Kf2 Rd2+ 40.
Kg1 Rd1+ 41. Bf1 1-0

[Event "OLNN 1920 SF Schwerin - SC Königssprin"]
[Site "?"]
[Date "2019.10.20"]
[Round "2.6"]
[White "Westphal, Wolfgang"]
[Black "Hloskovsky, Andrei"]
[Result "1/2-1/2"]
[WhiteElo "2164"]
[BlackElo "2062"]
[PlyCount "47"]
[EventDate "2019.??.??"]

1. e4 Nc6 2. d4 d5 3. e5 Bf5 4. Ne2 e6 5. Nf4 Be7 6. Be3 Bg5 7. Bb5 Bxf4 8.
Bxf4 Qh4 9. Qd2 Nge7 10. Nc3 O-O 11. O-O Ng6 12. Be3 f6 13. g3 Qh3 14. f4 fxe5
15. fxe5 Nce7 16. Rf2 Bg4 17. Raf1 c6 18. Bd3 Nf5 19. Ne2 Rf7 20. Nf4 Nxf4 21.
Rxf4 Raf8 22. Bxf5 Rxf5 23. Rxf5 Rxf5 24. Rxf5 1/2-1/2

[Event "OLNN 1920 SF Schwerin - SC Königssprin"]
[Site "?"]
[Date "2019.10.20"]
[Round "2.7"]
[White "Moehrmann, Marcus"]
[Black "Heinsohn, Wilfried"]
[Result "0-1"]
[WhiteElo "2054"]
[BlackElo "2112"]
[PlyCount "128"]
[EventDate "2019.??.??"]

1. e4 c5 2. Nf3 Nc6 3. d4 cxd4 4. Nxd4 g6 5. Nc3 Bg7 6. Be3 Nf6 7. Be2 O-O 8.
Qd2 d5 9. exd5 Nxd5 10. Nxd5 Qxd5 11. Bf3 Qc4 12. b3 Qa6 13. Rd1 Nxd4 14. Bxd4
Rd8 15. Qe3 Qa5+ 16. b4 Qxb4+ 17. c3 Qa5 18. O-O Be6 19. Bxb7 Rab8 20. Bf3 Bc4
21. Rfe1 Bxd4 22. cxd4 e6 23. h4 h5 24. Ra1 Rb2 25. a4 Bd5 26. Bxd5 Qxd5 27.
Rec1 Rb3 28. Qe5 Qxd4 29. Qxd4 Rxd4 30. a5 Rxh4 31. Rc7 Rhb4 32. Rxa7 Rb1+ 33.
Rxb1 Rxb1+ 34. Kh2 g5 35. a6 Ra1 36. f3 Kg7 37. g3 Ra2+ 38. Kg1 Kg6 39. Ra8 g4
40. f4 Kf5 41. a7 Ke4 42. f5 Kxf5 43. Rh8 Rxa7 44. Rxh5+ Ke4 45. Rb5 Rd7 46.
Kf2 f5 47. Rb2 Rd3 48. Rb4+ Rd4 49. Rb2 e5 50. Re2+ Kd5 51. Kg2 Rd3 52. Kf2 f4
53. gxf4 exf4 54. Re8 Rd2+ 55. Kf1 Ra2 56. Rg8 g3 57. Re8 f3 58. Rd8+ Ke6 59.
Rd1 Ke5 60. Rb1 g2+ 61. Kg1 Kf4 62. Kh2 Re2 63. Ra1 Re7 64. Ra4+ Ke3 0-1

[Event "OLNN 1920 SF Schwerin - SC Königssprin"]
[Site "?"]
[Date "2019.10.20"]
[Round "2.8"]
[White "Kunze, Kerstin"]
[Black "Khalaf, Ayman"]
[Result "1-0"]
[WhiteElo "2033"]
[BlackElo "1852"]
[PlyCount "39"]
[EventDate "2019.??.??"]

1. e4 e6 2. Qe2 Be7 3. g3 d5 4. d3 Nf6 5. Bg2 b6 6. e5 Nfd7 7. c4 c6 8. Nh3 Qc7
9. Bf4 Bb4+ 10. Nd2 Ba6 11. O-O-O b5 12. cxd5 cxd5+ 13. Kb1 Nc6 14. Rc1 Qb6 15.
Nb3 Nc5 16. Be3 Rc8 17. Nxc5 Bxc5 18. Bxc5 Qa5 19. a3 f6 20. exf6 1-0

[Event "OLNN 1920 SC Königsspringer HH - Schac"]
[Site "?"]
[Date "2019.11.24"]
[Round "3.1"]
[White "Bokelbrink, Uwe"]
[Black "Pfreundt, Jakob"]
[Result "1/2-1/2"]
[WhiteElo "2248"]
[BlackElo "2414"]
[PlyCount "137"]
[EventDate "2019.??.??"]

1. e4 c5 2. Nf3 d6 3. c3 Nf6 4. Bd3 g6 5. h3 Bg7 6. Bc2 O-O 7. d4 cxd4 8. cxd4
b5 9. Nc3 Bb7 10. a3 a5 11. Qe2 b4 12. axb4 axb4 13. Rxa8 Bxa8 14. Nb1 b3 15.
Bd3 Nc6 16. Nc3 Nd7 17. Be3 e5 18. dxe5 Ncxe5 19. Bb1 Nxf3+ 20. Qxf3 Nc5 21.
O-O Qh4 22. Bf4 Be5 23. Bxe5 dxe5 24. Qe3 Ne6 25. Ne2 Rb8 26. Rd1 Qe7 27. Rc1
Qb4 28. Rc3 Kg7 29. Bd3 Rd8 30. Nc1 Nd4 31. Bc4 Qb7 32. f3 Qb6 33. Kh2 Bc6 34.
Rxb3 Qc5 35. Rc3 Qa5 36. Nd3 h6 37. Ra3 Qc7 38. Rc3 Qe7 39. Rc1 h5 40. b4 h4
41. Rb1 Rb8 42. Rb2 Bb5 43. Bxb5 Rxb5 44. f4 Nc6 45. Qc1 Qe6 46. Qc3 Kg8 47.
Rc2 Nd4 48. Qc8+ Kg7 49. Qxe6 Nxe6 50. fxe5 Kh6 51. g3 Kg5 52. Kg2 Rb7 53. Rb2
Nd4 54. Ra2 Rc7 55. Nc5 Nc6 56. e6 Nxb4 57. Rf2 f5 58. Nd7 hxg3 59. Kxg3 Rc3+
60. Kg2 Nc6 61. exf5 gxf5 62. Re2 Ne7 63. Ne5 Kf6 64. Nf3 Ng6 65. Kg3 Rc6 66.
h4 Rxe6 67. Rxe6+ Kxe6 68. h5 Kf6 69. hxg6 1/2-1/2

[Event "OLNN 1920 SC Königsspringer HH - Schac"]
[Site "?"]
[Date "2019.11.24"]
[Round "3.2"]
[White "Zimmermann, Julian"]
[Black "Ritscher, Jan-Paul"]
[Result "0-1"]
[WhiteElo "2305"]
[BlackElo "2241"]
[PlyCount "150"]
[EventDate "2019.??.??"]

1. e4 Nf6 2. e5 Nd5 3. d4 d6 4. c4 Nb6 5. exd6 exd6 6. Be3 Be7 7. h3 Nc6 8. Nf3
Bf5 9. Nc3 O-O 10. b3 d5 11. c5 Nc8 12. Be2 Bf6 13. Qd2 b6 14. O-O-O a5 15. g4
Be4 16. Rhe1 bxc5 17. dxc5 N8e7 18. Nd4 Nxd4 19. Bxd4 Nc6 20. Bxf6 Qxf6 21. f3
Bg6 22. g5 Qf5 23. Kb2 d4 24. Nb5 Rad8 25. f4 Qxc5 26. Bc4 Rd7 27. Rc1 Qb6 28.
h4 d3 29. Rcd1 Nd4 30. Qf2 Nxb5 31. Qxb6 cxb6 32. Bxb5 Rd4 33. Rf1 Rfd8 34. Kc3
R4d5 35. Bc4 Rc5 36. a4 Bf5 37. Rfe1 Kf8 38. Re5 Rxe5 39. fxe5 Rc8 40. Kd4 Ke7
41. Rd2 h6 42. gxh6 gxh6 43. Bxd3 Be6 44. Rb2 Rg8 45. Kc3 Rg3 46. Rf2 Re3 47.
Kd4 Rh3 48. Rf4 Bxb3 49. Bc4 Bxc4 50. Kxc4 Rg3 51. h5 Rg5 52. Kd5 Rxh5 53. Rf6
Rh4 54. Rxb6 h5 55. Rh6 Kf8 56. Ra6 Rxa4 57. e6 fxe6+ 58. Kxe6 h4 59. Kf6 Ke8
60. Ke6 Kd8 61. Kd6 Rd4+ 62. Kc5 Rg4 63. Ra7 a4 64. Kd6 Kc8 65. Kc6 Kb8 66.
Rb7+ Ka8 67. Rb5 Ka7 68. Ra5+ Kb8 69. Rb5+ Kc8 70. Rh5 Kd8 71. Kd6 Ke8 72. Ke6
Re4+ 73. Kd5 Rb4 74. Rh7 a3 75. Ra7 Rb3 0-1

[Event "OLNN 1920 SC Königsspringer HH - Schac"]
[Site "?"]
[Date "2019.11.24"]
[Round "3.3"]
[White "Kull, Florian"]
[Black "Rosmann, Ilja"]
[Result "0-1"]
[WhiteElo "2156"]
[BlackElo "2284"]
[PlyCount "41"]
[EventDate "2019.??.??"]

1. d4 Nf6 2. c4 g6 3. Nc3 d5 4. cxd5 Nxd5 5. Na4 Bg7 6. e4 Nb4 7. d5 O-O 8. Be3
c6 9. a3 N4a6 10. dxc6 Nxc6 11. Qxd8 Rxd8 12. Rc1 Nd4 13. Bxa6 bxa6 14. Ne2 Rb8
15. Rc4 Nxe2 16. Kxe2 Bd7 17. Nc3 Bg4+ 18. f3 Rxb2+ 19. Ke1 Rc2 20. fxg4 Bxc3+
21. Rxc3 0-1

[Event "OLNN 1920 SC Königsspringer HH - Schac"]
[Site "?"]
[Date "2019.11.24"]
[Round "3.4"]
[White "Schmidt, Jan-Peter"]
[Black "Hermesmann, Hans"]
[Result "1-0"]
[WhiteElo "2247"]
[BlackElo "2228"]
[PlyCount "109"]
[EventDate "2019.??.??"]

1. d4 Nf6 2. g3 c5 3. Nf3 e6 4. Bg2 cxd4 5. Nxd4 Nc6 6. O-O Bc5 7. Nb3 Be7 8.
c4 d6 9. Nc3 O-O 10. Bf4 a6 11. Qd2 Nh5 12. Be3 Ne5 13. Qd4 Qc7 14. Nd2 Bd7 15.
Rac1 Rac8 16. b3 Qb8 17. Nde4 f5 18. Ng5 Ng4 19. Nf3 Nxe3 20. Qxe3 Nf6 21. Nd4
Bd8 22. Rfd1 Bb6 23. Qd3 Ng4 24. e3 Rcd8 25. Rc2 Ba5 26. h3 Ne5 27. Qe2 Nf7 28.
Nf3 Nh6 29. Ne1 Bc6 30. Bxc6 bxc6 31. Nd3 Bc7 32. c5 d5 33. Nf4 Qc8 34. Na4 e5
35. Nd3 Rde8 36. f4 Bb8 37. Nb6 Qd8 38. Qf2 Bc7 39. Nb4 Rf6 40. Nxa6 Bxb6 41.
cxb6 Qxb6 42. Nc5 Qa7 43. Rdc1 Nf7 44. Nd3 Qd7 45. Kh2 h6 46. b4 Qb7 47. Qd2
exf4 48. exf4 Qa8 49. Qc3 Re3 50. Re1 Re4 51. Nc5 Rc4 52. Qb2 Rxc2+ 53. Qxc2
Qa3 54. Re8+ Kh7 55. Nd7 1-0